Organizational sync : (Record no. 187107)
[ view plain ]
| 000 -LEADER | |
|---|---|
| fixed length control field | 00919 a2200241 4500 |
| 003 - CONTROL NUMBER IDENTIFIER | |
| control field | Nust |
| 005 - DATE AND TIME OF LATEST TRANSACTION | |
| control field | 20230116141239.0 |
| 010 ## - LIBRARY OF CONGRESS CONTROL NUMBER | |
| LC control number | 83004604 |
| 020 ## - INTERNATIONAL STANDARD BOOK NUMBER | |
| International Standard Book Number | 0136414494 (pbk.) : |
| 020 ## - INTERNATIONAL STANDARD BOOK NUMBER | |
| International Standard Book Number | 0136414567 (hard) |
| 040 ## - CATALOGING SOURCE | |
| Transcribing agency | Nust |
| 082 00 - DEWEY DECIMAL CLASSIFICATION NUMBER | |
| Classification number | 650.14,FOR |
| 100 2# - MAIN ENTRY--PERSONAL NAME | |
| Personal name | Forisha-Kovach, Barbara. |
| 9 (RLIN) | 106891 |
| 245 10 - TITLE STATEMENT | |
| Title | Organizational sync : |
| Remainder of title | making your job work for you / |
| Statement of responsibility, etc. | Barbara Forisha-Kovach, with Randy Kovach and Glenn Morris. |
| 260 ## - PUBLICATION, DISTRIBUTION, ETC. | |
| Place of publication, distribution, etc. | Englewood Cliffs, N.J. : |
| Name of publisher, distributor, etc. | Prentice-Hall, |
| Date of publication, distribution, etc. | c1983. |
| 300 ## - PHYSICAL DESCRIPTION | |
| Extent | xii, 208 p. : |
| Other physical details | ill. ; |
| Dimensions | 23 cm. |
| 505 ## - FORMATTED CONTENTS NOTE | |
| Formatted contents note | Individual Orientations and Organizational Structures (Page-10), Individual Orientations and Organizational Structure (Page-87), Increasing Organizational Synchrony (Page-149). |
| 650 #0 - SUBJECT ADDED ENTRY--TOPICAL TERM | |
| Topical term or geographic name entry element | Organization. |
| 9 (RLIN) | 4210 |
| 650 #0 - SUBJECT ADDED ENTRY--TOPICAL TERM | |
| Topical term or geographic name entry element | Organizational behavior. |
| 700 1# - ADDED ENTRY--PERSONAL NAME | |
| Personal name | Kovach, Randy. |
| 9 (RLIN) | 106892 |
| 700 1# - ADDED ENTRY--PERSONAL NAME | |
| Personal name | Morris, Glenn. |
| 9 (RLIN) | 106893 |
| 942 ## - ADDED ENTRY ELEMENTS (KOHA) | |
| Source of classification or shelving scheme | |
| Koha item type | Book |
| Withdrawn status | Lost status | Source of classification or shelving scheme | Damaged status | Not for loan | Permanent Location | Current Location | Shelving location | Date acquired | Full call number | Barcode | Date last seen | Price effective from | Koha item type | Public note |
|---|---|---|---|---|---|---|---|---|---|---|---|---|---|---|
| Military College of Signals (MCS) | Military College of Signals (MCS) | General Stacks | 12/12/2016 | 650.14,FOR | MCS21203 | 12/08/2016 | 12/12/2016 | Book | Almirah No.42, Shelf No.3 |
